[Event "Titled Tuesday intern op 29th June"]
[Site "Chess.com INT"]
[Date "2021.06.29"]
[Round "11"]
[White "Herrera Reyes, Jose Antonio"]
[Black "Karnaukhova, Elmira"]
[Result "1/2-1/2"]
[WhiteElo "2304"]
[BlackElo "2319"]
[PlyCount "124"]
[EventDate "2021.06.29"]
[EventType "swiss (blitz)"]
[EventRounds "11"]
[EventCountry "USA"]
[SourceTitle "CBM 203 Extra"]
[Source "ChessBase"]
[SourceDate "2021.09.30"]
[SourceVersion "1"]
[SourceVersionDate "2021.09.30"]
[SourceQuality "1"]

1. Nf3 e6 2. g3 Nf6 3. Bg2 d5 4. d3 Be7 5. 0-0 0-0 6. c4 b6 7. Nc3 Bb7 8. cxd5 Nxd5 9. Qc2 c5 10. Bd2 Nd7 11. Rac1 N7f6 12. Qb1 Rc8 13. Rfd1 Qc7 14. a3 Qb8 15. Ne4 Qa8 16. Nfg5 h6 17. Nxf6+ Nxf6 18. Nf3 Rfd8 19. b4 cxb4 20. Bxb4 Nd5 21. Bxe7 Nxe7 22. Qb4 Nf5 23. Qf4 Rxc1 24. Rxc1 Rc8 25. Rxc8+ Qxc8 26. Ne5 Bxg2 27. Kxg2 Qb7+ 28. Qf3 Qxf3+ 29. Kxf3 Kf8 30. Nc6 a6 31. e4 Nd6 32. Nb8 Nb5 33. a4 Nc3 34. Nd7+ Ke7 35. Nxb6 Kd6 36. Nc4+ Kc5 37. a5 Kd4 38. Nd6 Kxd3 39. Nxf7 Nxe4 40. Nd8 Nc5 41. Kf4 Kd4 42. Nc6+ Kd5 43. Ne5 Nb3 44. Nd3 Nxa5 45. Nb4+ Kd4 46. Nxa6 Nc6 47. Nc7 e5+ 48. Kf5 e4 49. Ne6+ Kd3 50. Nf4+ Kd2 51. Kxe4 Ke1 52. Kf3 Ne5+ 53. Ke4 Ng4 54. Nd3+ Kf1 55. h3 Nxf2+ 56. Nxf2 Kxf2 57. Kf4 g6 58. h4 Kg2 59. g4 Kh3 60. g5 hxg5+ 61. Kxg5 Kg3 62. Kxg6 Kxh4 1/2-1/2

[Event "Titled Tuesday intern op 29th June"]
[Site "Chess.com INT"]
[Date "2021.06.29"]
[Round "8"]
[White "Karnaukhova, Elmira"]
[Black "Ptacnikova, Lenka"]
[Result "1-0"]
[WhiteElo "2319"]
[BlackElo "2098"]
[PlyCount "71"]
[EventDate "2021.06.29"]
[EventType "swiss (blitz)"]
[EventRounds "11"]
[EventCountry "USA"]
[SourceTitle "CBM 203 Extra"]
[Source "ChessBase"]
[SourceDate "2021.09.30"]
[SourceVersion "1"]
[SourceVersionDate "2021.09.30"]
[SourceQuality "1"]

1. e4 c5 2. Nf3 e6 3. d4 cxd4 4. Nxd4 Nf6 5. Nc3 Nc6 6. Be2 Bb4 7. Nxc6 bxc6 8. f3 d5 9. e5 Nd7 10. f4 Qb6 11. a3 Be7 12. Na4 Qa5+ 13. c3 Nb6 14. Nxb6 Qxb6 15. b4 a5 16. Bd2 0-0 17. Qc2 f6 18. exf6 Bxf6 19. Qd3 Ba6 20. Qe3 d4 21. Qxe6+ Kh8 22. bxa5 Qa7 23. c4 d3 24. Be3 c5 25. Bxd3 Bxa1 26. 0-0 Rae8 27. Qh3 h6 28. Rxa1 Qc7 29. Bd2 Qd6 30. Rd1 Bb7 31. Bc2 Re2 32. Bc3 Qc6 33. Rd5 Rfe8 34. Be5 Rxc2 35. Qg4 Qe6 36. Qxg7# 1-0

[Event "Titled Tuesday intern op 29th June"]
[Site "Chess.com INT"]
[Date "2021.06.29"]
[Round "7"]
[White "Kornyukov, Alexey"]
[Black "Karnaukhova, Elmira"]
[Result "1-0"]
[WhiteElo "2452"]
[BlackElo "2319"]
[PlyCount "75"]
[EventDate "2021.06.29"]
[EventType "swiss (blitz)"]
[EventRounds "11"]
[EventCountry "USA"]
[SourceTitle "CBM 203 Extra"]
[Source "ChessBase"]
[SourceDate "2021.09.30"]
[SourceVersion "1"]
[SourceVersionDate "2021.09.30"]
[SourceQuality "1"]

1. d4 e6 2. c4 Nf6 3. Nc3 Bb4 4. f3 d5 5. a3 Bxc3+ 6. bxc3 0-0 7. e3 Re8 8. Bd3 Nc6 9. Ne2 e5 10. cxd5 Nxd5 11. e4 Nf6 12. Be3 exd4 13. cxd4 Bd7 14. 0-0 b6 15. Bg5 h6 16. Bh4 g5 17. Bf2 Qe7 18. h4 g4 19. Ng3 Kh8 20. Qd2 Qf8 21. f4 Ng8 22. Rac1 Qxa3 23. d5 Nce7 24. Bd4+ f6 25. Rxc7 Qd6 26. Rcc1 Rac8 27. Nh5 Rxc1 28. Rxc1 Rc8 29. Rf1 b5 30. Qb2 a5 31. e5 Qxd5 32. exf6 Nf5 33. Bxf5 Qxf5 34. f7+ Kh7 35. fxg8Q+ Rxg8 36. Nf6+ Kg6 37. Nxg8 Bc6 38. Ne7+ 1-0

[Event "Titled Tuesday intern op 18th May"]
[Site "Chess.com INT"]
[Date "2021.05.18"]
[Round "2"]
[White "Davtyan, Artur"]
[Black "Karnaukhova, Elmira"]
[Result "1-0"]
[WhiteElo "2466"]
[BlackElo "2319"]
[PlyCount "141"]
[EventDate "2021.05.18"]
[EventType "swiss (blitz)"]
[EventRounds "11"]
[EventCountry "USA"]
[SourceTitle "CBM 202 Extra"]
[Source "ChessBase"]
[SourceDate "2021.07.31"]
[SourceVersion "1"]
[SourceVersionDate "2021.07.31"]
[SourceQuality "1"]

1. b3 Nf6 2. Bb2 e6 3. Nf3 Be7 4. g3 0-0 5. Bg2 d6 6. 0-0 c5 7. c4 Nc6 8. d4 cxd4 9. Nxd4 Qb6 10. e3 e5 11. Ne2 Bg4 12. Nbc3 Rac8 13. h3 Bd7 14. g4 h6 15. Ng3 Rfd8 16. Qf3 Be6 17. Nf5 Rd7 18. Rfd1 Bxc4 19. Ba3 Qa5 20. Na4 Rcd8 21. Nxe7+ Nxe7 22. Bb2 Bd5 23. Qe2 Bxg2 24. Kxg2 b5 25. Nc3 b4 26. Na4 Rc7 27. Qf3 Qb5 28. Rac1 Rxc1 29. Rxc1 Rc8 30. Rxc8+ Nxc8 31. Qa8 Qa6 32. a3 bxa3 33. Bxa3 Kh7 34. Qf3 Nb6 35. Qf5+ Kg8 36. Nxb6 Qxa3 37. Nc4 Qxb3 38. Qc8+ Kh7 39. Qf5+ Kh8 40. Qc8+ Ng8 41. e4 Qc2 42. Qc6 Kh7 43. Qd5 Nf6 44. Qc6 Qxe4+ 45. Qxe4+ Nxe4 46. Kf3 d5 47. Nxe5 f6 48. Nc6 Nc5 49. Nxa7 Kg6 50. Nc6 h5 51. Ne7+ Kg5 52. Nxd5 hxg4+ 53. hxg4 Ne6 54. Kg3 g6 55. f4+ Kh6 56. Nxf6 g5 57. f5 Nf8 58. Ne4 Kg7 59. Nxg5 Kf6 60. Nf3 Kf7 61. Kf4 Nd7 62. g5 Nc5 63. Ne5+ Kg8 64. f6 Ne6+ 65. Kf5 Nd8 66. Kg6 Ne6 67. f7+ Kf8 68. Nd7+ Ke7 69. f8Q+ Nxf8+ 70. Nxf8 Kxf8 71. Kh7 1-0

[Event "Titled Tuesday intern op 18th May"]
[Site "Chess.com INT"]
[Date "2021.05.18"]
[Round "5"]
[White "Karnaukhova, Elmira"]
[Black "Kriti, Mayur Patel"]
[Result "1-0"]
[WhiteElo "2319"]
[BlackElo "1394"]
[PlyCount "81"]
[EventDate "2021.05.18"]
[EventType "swiss (blitz)"]
[EventRounds "11"]
[EventCountry "USA"]
[SourceTitle "CBM 202 Extra"]
[Source "ChessBase"]
[SourceDate "2021.07.31"]
[SourceVersion "1"]
[SourceVersionDate "2021.07.31"]
[SourceQuality "1"]

1. e4 e5 2. Nf3 Nc6 3. d4 exd4 4. Nxd4 Bb4+ 5. c3 Bc5 6. Be2 Nf6 7. Nxc6 bxc6 8. Nd2 0-0 9. 0-0 Qe7 10. Bd3 d5 11. exd5 cxd5 12. h3 Bb6 13. Nf3 Bb7 14. Bg5 h6 15. Bh4 c5 16. Re1 Qd6 17. Ne5 Bc7 18. Bg3 Qb6 19. Rb1 c4 20. Bc2 Rfe8 21. b3 Qc5 22. bxc4 Ba6 23. cxd5 Rad8 24. Bb3 Nxd5 25. Qf3 Bxe5 26. Bxe5 Re7 27. Bd4 Qd6 28. Rxe7 Qxe7 29. Bxd5 Be2 30. Qe4 Qg5 31. Qxe2 Rxd5 32. Rb8+ Kh7 33. Qe4+ Rf5 34. Rb5 g6 35. Rxf5 gxf5 36. Qf3 Qc1+ 37. Kh2 a6 38. Qxf5+ Kg8 39. Qg4+ Kf8 40. Bc5+ Ke8 41. Qc8# 1-0

[Event "Titled Tuesday intern op 18th May"]
[Site "Chess.com INT"]
[Date "2021.05.18"]
[Round "10"]
[White "Smirnova, Ekaterina"]
[Black "Karnaukhova, Elmira"]
[Result "1-0"]
[WhiteElo "2240"]
[BlackElo "2319"]
[PlyCount "83"]
[EventDate "2021.05.18"]
[EventType "swiss (blitz)"]
[EventRounds "11"]
[EventCountry "USA"]
[SourceTitle "CBM 202 Extra"]
[Source "ChessBase"]
[SourceDate "2021.07.31"]
[SourceVersion "1"]
[SourceVersionDate "2021.07.31"]
[SourceQuality "1"]

1. d4 d5 2. c4 e6 3. Nc3 Nf6 4. cxd5 exd5 5. Bg5 c6 6. e3 Be7 7. Bd3 0-0 8. Qc2 Nbd7 9. Nf3 Re8 10. 0-0 Nf8 11. h3 a6 12. Rab1 Ng6 13. b4 Ne4 14. Bxe7 Qxe7 15. Ne2 Qf6 16. Bxe4 dxe4 17. Nd2 Bf5 18. Ng3 Nh4 19. Kh2 Bg6 20. a4 Rad8 21. b5 axb5 22. axb5 Re6 23. bxc6 bxc6 24. Rb6 h6 25. Nc4 Nf5 26. Nxf5 Bxf5 27. Ne5 Rdd6 28. Qa4 Rxe5 29. dxe5 Qxe5+ 30. Kh1 Bxh3 31. gxh3 Qf5 32. Kh2 Rg6 33. Rxc6 Qe5+ 34. Kh1 Qf5 35. Rxg6 Qxh3+ 36. Kg1 fxg6 37. Qa8+ Kh7 38. Qxe4 h5 39. Qg2 Qe6 40. Qg3 Qf6 41. f4 h4 42. Qg5 1-0

[Event "Speed Chess (Women) Q5"]
[Site "Chess.com INT"]
[Date "2020.06.22"]
[Round "4"]
[White "Shvedova, Alexandra"]
[Black "Karnaukhova, Elmira"]
[Result "1-0"]
[WhiteElo "1994"]
[BlackElo "2319"]
[PlyCount "71"]
[EventDate "2020.06.22"]
[EventType "swiss (blitz)"]
[EventRounds "13"]
[EventCountry "USA"]
[SourceTitle "CBM 196 Extra"]
[Source "ChessBase"]
[SourceDate "2020.07.31"]
[SourceVersion "1"]
[SourceVersionDate "2020.07.31"]
[SourceQuality "1"]

1. e4 c5 2. Nf3 d6 3. d4 cxd4 4. Nxd4 Nf6 5. Nc3 a6 6. Be3 e5 7. Nf3 Be7 8. Bc4 Qc7 9. Bb3 0-0 10. 0-0 Nc6 11. Bg5 Be6 12. Qe2 Na5 13. Rfd1 Nxb3 14. axb3 Rac8 15. Nd2 Rfd8 16. Nf1 h6 17. Bxf6 Bxf6 18. Ne3 Bg5 19. Ned5 Qc5 20. g3 Bh3 21. Qh5 Be6 22. h4 Bxd5 23. Rxd5 g6 24. Qf3 Qc6 25. hxg5 hxg5 26. Qf6 Qd7 27. Kg2 Qe6 28. Qxg5 Kg7 29. Rh1 Rh8 30. Rdd1 b5 31. Nd5 f6 32. Qd2 Qg4 33. f3 Qe6 34. Nb6 Rb8 35. Qxd6 Rxb6 36. Qc7+ 1-0

[Event "Speed Chess (Women) Q5"]
[Site "Chess.com INT"]
[Date "2020.06.22"]
[Round "1"]
[White "Tarleva, Vira"]
[Black "Karnaukhova, Elmira"]
[Result "0-1"]
[WhiteElo "2030"]
[BlackElo "2319"]
[PlyCount "68"]
[EventDate "2020.06.22"]
[EventType "swiss (blitz)"]
[EventRounds "13"]
[EventCountry "USA"]
[SourceTitle "CBM 196 Extra"]
[Source "ChessBase"]
[SourceDate "2020.07.31"]
[SourceVersion "1"]
[SourceVersionDate "2020.07.31"]
[SourceQuality "1"]

1. e4 c5 2. Nf3 d6 3. d4 cxd4 4. Nxd4 Nf6 5. Nc3 a6 6. h3 e5 7. Nde2 Be7 8. g4 Be6 9. Bg2 b5 10. Be3 Nbd7 11. Ng3 g6 12. g5 Ng8 13. h4 h6 14. Qd2 Nb6 15. Bxb6 Qxb6 16. Nd5 Bxd5 17. exd5 hxg5 18. hxg5 Rxh1+ 19. Bxh1 Rc8 20. 0-0-0 a5 21. f4 exf4 22. Qxf4 Rc4 23. Qd2 Qc7 24. Re1 b4 25. Ne4 Kf8 26. Nf6 Nxf6 27. gxf6 Bxf6 28. Qe2 Be5 29. Bf3 Rh4 30. Rh1 Qe7 31. Rxh4 Qxh4 32. Qe4 Qg5+ 33. Kd1 Qg1+ 34. Ke2 Bxb2 0-1

[Event "Speed Chess (Women) Q5"]
[Site "Chess.com INT"]
[Date "2020.06.22"]
[Round "9"]
[White "Xu, Yuanyuan"]
[Black "Karnaukhova, Elmira"]
[Result "1/2-1/2"]
[WhiteElo "2317"]
[BlackElo "2319"]
[PlyCount "72"]
[EventDate "2020.06.22"]
[EventType "swiss (blitz)"]
[EventRounds "13"]
[EventCountry "USA"]
[SourceTitle "CBM 196 Extra"]
[Source "ChessBase"]
[SourceDate "2020.07.31"]
[SourceVersion "1"]
[SourceVersionDate "2020.07.31"]
[SourceQuality "1"]

1. d4 Nf6 2. c4 c5 3. d5 b5 4. cxb5 a6 5. bxa6 g6 6. Nc3 Bxa6 7. e4 Bxf1 8. Kxf1 d6 9. g3 Bg7 10. Nf3 0-0 11. Kg2 Nbd7 12. a4 Ng4 13. Qe2 Nge5 14. Nd2 Nb6 15. a5 Nc8 16. f4 Nd7 17. Qb5 Na7 18. Qb7 Qc8 19. a6 Qd8 20. Nc4 h5 21. Na4 h4 22. Bd2 Bf6 23. Ba5 Qc8 24. Nab6 Nxb6 25. Nxb6 Qg4 26. Nxa8 h3+ 27. Kf2 Bd4+ 28. Ke1 Qf3 29. Rf1 Qe3+ 30. Kd1 Qd3+ 31. Ke1 Qxe4+ 32. Kd1 Qd3+ 33. Ke1 Qe3+ 34. Kd1 Qd3+ 35. Ke1 Qe3+ 36. Kd1 Qd3+ 1/2-1/2

[Event "Speed Chess (Women) Q4"]
[Site "Chess.com INT"]
[Date "2020.06.21"]
[Round "3"]
[White "Babiy, Olga"]
[Black "Karnaukhova, Elmira"]
[Result "1-0"]
[WhiteElo "2228"]
[BlackElo "2319"]
[PlyCount "71"]
[EventDate "2020.06.21"]
[EventType "swiss (blitz)"]
[EventRounds "9"]
[EventCountry "USA"]
[SourceTitle "CBM 196 Extra"]
[Source "ChessBase"]
[SourceDate "2020.07.31"]
[SourceVersion "1"]
[SourceVersionDate "2020.07.31"]
[SourceQuality "1"]

1. e4 c5 2. Nf3 d6 3. d4 cxd4 4. Nxd4 Nf6 5. Nc3 a6 6. f4 e5 7. Nf3 Nbd7 8. Bd3 Be7 9. 0-0 0-0 10. a3 Nc5 11. Kh1 exf4 12. Bxf4 Bg4 13. Qd2 Bh5 14. Rae1 Bg6 15. Nd4 Re8 16. Nf5 Bxf5 17. exf5 d5 18. Rd1 Rc8 19. Bg5 Nfe4 20. Nxe4 dxe4 21. Bxe7 Qxe7 22. f6 Qe6 23. Qg5 Qxf6 24. Rxf6 exd3 25. cxd3 Nxd3 26. Rdf1 Rc7 27. R6f3 Ne5 28. R3f2 h6 29. Qg3 Rc5 30. h3 Re6 31. Re2 Rg6 32. Qb3 Rb5 33. Qc2 Nc6 34. Re8+ Kh7 35. Rxf7 Nd4 36. Rff8 1-0

[Event "Speed Chess (Women) Q4"]
[Site "Chess.com INT"]
[Date "2020.06.21"]
[Round "9"]
[White "Cori Tello, Deysi Estella"]
[Black "Karnaukhova, Elmira"]
[Result "1-0"]
[WhiteElo "2388"]
[BlackElo "2319"]
[PlyCount "77"]
[EventDate "2020.06.21"]
[EventType "swiss (blitz)"]
[EventRounds "9"]
[EventCountry "USA"]
[SourceTitle "CBM 196 Extra"]
[Source "ChessBase"]
[SourceDate "2020.07.31"]
[SourceVersion "1"]
[SourceVersionDate "2020.07.31"]
[SourceQuality "1"]

1. d4 Nf6 2. Nf3 c5 3. e3 b6 4. b3 g6 5. Bb2 Bg7 6. dxc5 bxc5 7. e4 0-0 8. e5 Ng4 9. h3 Nh6 10. g4 Nc6 11. Bg2 Ba6 12. c4 d6 13. 0-0 Bb7 14. Qe2 d5 15. cxd5 Qxd5 16. Rd1 Qe6 17. Ng5 Qc8 18. Qb5 Rb8 19. Qxc5 Nxe5 20. Qxc8 Rfxc8 21. Nc3 Bxg2 22. Kxg2 Nc4 23. bxc4 Rxb2 24. Nd5 Kf8 25. Rab1 Rxb1 26. Rxb1 Bd4 27. Rb7 e6 28. Ne3 Bb6 29. Nxh7+ Kg7 30. Ng5 Kf6 31. Nf3 Ng8 32. g5+ Kg7 33. Ne5 Rf8 34. Nd7 Ra8 35. c5 Bd8 36. f4 Be7 37. Ne5 Bxc5 38. Rxf7+ Kh8 39. Nxg6# 1-0

[Event "Speed Chess (Women) Q4"]
[Site "Chess.com INT"]
[Date "2020.06.21"]
[Round "4"]
[White "Karnaukhova, Elmira"]
[Black "Assaubayeva, Bibissara"]
[Result "0-1"]
[WhiteElo "2319"]
[BlackElo "2364"]
[PlyCount "64"]
[EventDate "2020.06.21"]
[EventType "swiss (blitz)"]
[EventRounds "9"]
[EventCountry "USA"]
[SourceTitle "CBM 196 Extra"]
[Source "ChessBase"]
[SourceDate "2020.07.31"]
[SourceVersion "1"]
[SourceVersionDate "2020.07.31"]
[SourceQuality "1"]

1. d4 Nf6 2. Bg5 d5 3. Bxf6 gxf6 4. e3 c5 5. c3 Nc6 6. Nf3 Qb6 7. Qb3 c4 8. Qxb6 axb6 9. Na3 e6 10. Nc2 b5 11. a3 Rg8 12. g3 e5 13. Bg2 Bf5 14. 0-0-0 Bd3 15. dxe5 fxe5 16. h4 Rg6 17. Nfe1 e4 18. Bh3 Rf6 19. Rd2 Bh6 20. Ng2 Rd8 21. Re1 Bxc2 22. Kxc2 Ne5 23. Rf1 Nd3 24. Ne1 Bxe3 25. fxe3 Rxf1 26. Bxf1 Nxe1+ 27. Kd1 Nd3 28. Bh3 Rd6 29. Bf5 Rf6 30. g4 h5 31. Rg2 hxg4 32. Bxg4 Rf1+ 0-1

[Event "Speed Chess (Women) Q2"]
[Site "Chess.com INT"]
[Date "2020.06.19"]
[Round "12"]
[White "Karnaukhova, Elmira"]
[Black "Osmak, Iulija"]
[Result "1-0"]
[WhiteElo "2319"]
[BlackElo "2438"]
[PlyCount "95"]
[EventDate "2020.06.19"]
[EventType "swiss (blitz)"]
[EventRounds "13"]
[EventCountry "USA"]
[SourceTitle "CBM 196 Extra"]
[Source "ChessBase"]
[SourceDate "2020.07.31"]
[SourceVersion "1"]
[SourceVersionDate "2020.07.31"]
[SourceQuality "1"]

1. d4 e6 2. c4 f5 3. Nc3 Nf6 4. Nf3 Be7 5. g3 d5 6. Bg2 Ne4 7. Ne5 c6 8. f3 Nd6 9. b3 0-0 10. 0-0 Nd7 11. Bb2 Nxe5 12. dxe5 Nf7 13. f4 Qb6+ 14. Kh1 dxc4 15. Na4 Qa6 16. Qc2 b5 17. Nc3 Bb7 18. bxc4 bxc4 19. Na4 c5 20. Bxb7 Qxb7+ 21. Kg1 Qb5 22. Rfc1 Nd8 23. Qxc4 Qb7 24. Ba3 Rc8 25. Rab1 Qa8 26. Bxc5 Kh8 27. Qd4 Nc6 28. Qd7 Bxc5+ 29. Nxc5 Rfd8 30. Qxe6 Nd4 31. Qc4 Rxc5 32. Qxc5 Nxe2+ 33. Kf2 Nxc1 34. Rxc1 Qe4 35. Qd6 Rg8 36. Qc6 Qd4+ 37. Ke2 h6 38. Qc3 Qe4+ 39. Qe3 Qg2+ 40. Qf2 Qe4+ 41. Qe3 Qa4 42. Qd2 Qa6+ 43. Kf2 Rb8 44. Rc2 Qb6+ 45. Qe3 Qb1 46. Rd2 Qc1 47. Rd8+ Rxd8 48. Qxc1 1-0

[Event "Speed Chess (Women) Q2"]
[Site "Chess.com INT"]
[Date "2020.06.19"]
[Round "10"]
[White "Socko, Monika"]
[Black "Karnaukhova, Elmira"]
[Result "1-0"]
[WhiteElo "2428"]
[BlackElo "2319"]
[PlyCount "119"]
[EventDate "2020.06.19"]
[EventType "swiss (blitz)"]
[EventRounds "13"]
[EventCountry "USA"]
[SourceTitle "CBM 196 Extra"]
[Source "ChessBase"]
[SourceDate "2020.07.31"]
[SourceVersion "1"]
[SourceVersionDate "2020.07.31"]
[SourceQuality "1"]

1. d4 Nf6 2. c4 c5 3. d5 b5 4. cxb5 a6 5. e3 axb5 6. Bxb5 Bb7 7. Nc3 e6 8. e4 Qa5 9. Bd2 Nxe4 10. Bxd7+ Nxd7 11. Nxe4 Qa4 12. Qxa4 Rxa4 13. Nc3 Rb4 14. 0-0-0 exd5 15. Nf3 Rb6 16. Rhe1+ Re6 17. Ng5 Re7 18. Nb5 f6 19. Nd6+ Kd8 20. Ngf7+ Kc7 21. Ne8+ Rxe8 22. Rxe8 Rg8 23. Bf4+ Kb6 24. Bd6 d4 25. b4 Kc6 26. bxc5 Kd5 27. Kc2 Bc6 28. Rb1 Nxc5 29. Rxf8 Ba4+ 30. Kc1 Nd3+ 31. Kd2 Rxf8 32. Bxf8 Nxf2 33. Nd6 g5 34. Rb4 Bc6 35. Ke2 Ng4 36. h3 Ne5 37. Nf5 Ke4 38. Ng3+ Kd5 39. Kd2 h6 40. Ne2 f5 41. Rxd4+ Ke6 42. Nc3 Bxg2 43. Bxh6 Nf3+ 44. Ke3 Nxd4 45. Kxd4 Bxh3 46. Bxg5 Bf1 47. Bf4 Ba6 48. a4 Bb7 49. Kc5 Kd7 50. a5 Ke6 51. Kb6 Bc8 52. Kc7 Ba6 53. Na4 Kd5 54. Kb6 Bc4 55. Nc5 Kd4 56. Bh6 Kd5 57. Nb7 Ke4 58. Nd6+ Kd5 59. Nxc4 Kxc4 60. a6 1-0

[Event "Speed Chess (Women) Q1"]
[Site "Chess.com INT"]
[Date "2020.06.18"]
[Round "8"]
[White "Karnaukhova, Elmira"]
[Black "Azhar, Puteri Munajjah Az"]
[Result "1-0"]
[WhiteElo "2319"]
[BlackElo "2046"]
[PlyCount "29"]
[EventDate "2020.06.18"]
[EventType "swiss (blitz)"]
[EventRounds "9"]
[EventCountry "USA"]
[SourceTitle "CBM 196 Extra"]
[Source "ChessBase"]
[SourceDate "2020.07.31"]
[SourceVersion "1"]
[SourceVersionDate "2020.07.31"]
[SourceQuality "1"]

1. d4 e5 2. dxe5 Nc6 3. Nf3 Qe7 4. Qd5 Nb4 5. Qb3 Qc5 6. Nc3 a5 7. a3 Na6 8. Be3 Qe7 9. 0-0-0 c6 10. g3 Qd8 11. Ne4 b5 12. Bh3 Bb7 13. Rxd7 Qxd7 14. Bxd7+ Kxd7 15. Qxf7+ 1-0

[Event "Speed Chess (Women) Q1"]
[Site "Chess.com INT"]
[Date "2020.06.18"]
[Round "6"]
[White "Karnaukhova, Elmira"]
[Black "Golubenko, Valentina"]
[Result "0-1"]
[WhiteElo "2319"]
[BlackElo "2209"]
[PlyCount "78"]
[EventDate "2020.06.18"]
[EventType "swiss (blitz)"]
[EventRounds "9"]
[EventCountry "USA"]
[SourceTitle "CBM 196 Extra"]
[Source "ChessBase"]
[SourceDate "2020.07.31"]
[SourceVersion "1"]
[SourceVersionDate "2020.07.31"]
[SourceQuality "1"]

1. d4 g6 2. c4 Bg7 3. Nc3 c5 4. d5 Bxc3+ 5. bxc3 f5 6. Nf3 Qa5 7. Qc2 Nf6 8. e3 b5 9. cxb5 Nxd5 10. Bd2 Nf6 11. c4 Qc7 12. Bc3 d6 13. Be2 Nbd7 14. Ng5 Ne5 15. f4 Neg4 16. Bf3 Bb7 17. Qe2 Rb8 18. h3 Nh6 19. 0-0 Qd7 20. a4 0-0 21. Rfd1 Nf7 22. Bxf6 exf6 23. Bxb7 Rxb7 24. Nxf7 Rxf7 25. Qd3 Re7 26. Ra3 Qe8 27. Qxd6 Rbd7 28. Rad3 Rxd6 29. Rxd6 Qf7 30. Kf2 g5 31. R1d5 Kg7 32. Rxf5 Qxc4 33. Rdxf6 Qc2+ 34. Kf3 Qe4+ 35. Kf2 Qxe3+ 36. Kf1 Qd3+ 37. Kg1 Qd4+ 38. Kh2 Qxf6 39. Rxf6 Kxf6 0-1

[Event "Moscow op-B"]
[Site "Moscow"]
[Date "2013.02.06"]
[Round "5"]
[White "Eryshkanova, Anastasiya"]
[Black "Karnaukhova, Elmira"]
[Result "1/2-1/2"]
[WhiteElo "2143"]
[BlackElo "2348"]
[PlyCount "123"]
[EventDate "2013.02.02"]
[EventType "swiss"]
[EventRounds "9"]
[EventCountry "RUS"]
[SourceTitle "CBM 152 Extra"]
[Source "ChessBase"]
[SourceDate "2013.02.25"]
[SourceVersion "1"]
[SourceVersionDate "2013.02.25"]
[SourceQuality "1"]

1. d4 Nf6 2. g3 g6 3. Bg2 Bg7 4. e4 d5 5. exd5 Nxd5 6. Nf3 0-0 7. 0-0 Bf5 8. c3 c6 9. Re1 Nd7 10. Qb3 N5b6 11. Na3 Be6 12. Rxe6 fxe6 13. Qxe6+ Kh8 14. Ng5 Qe8 15. Qh3 Nf6 16. Ne6 Qf7 17. Nxf8 Rxf8 18. Bh6 Na4 19. Bxg7+ Kxg7 20. Re1 Nxb2 21. Qe6 Qxe6 22. Rxe6 Kf7 23. Nc2 Na4 24. Re1 Nb6 25. Rc1 Nfd5 26. Ne3 Rd8 27. c4 Nb4 28. c5 Nc8 29. Rb1 Rxd4 30. a3 Na6 31. Rxb7 Nxc5 32. Rc7 Rd8 33. Bxc6 Ne6 34. Rb7 h5 35. Kg2 a6 36. Bd5 Kf6 37. Bxe6 Kxe6 38. Rb8 Re8 39. Ra8 Nd6 40. Rxa6 Rc8 41. h4 Rc3 42. Ra5 Rb3 43. Nd5 Ne4 44. Nf4+ Kf7 45. Re5 Nd6 46. a4 Ra3 47. a5 Ra2 48. Re6 Rxa5 49. Rxg6 Ne4 50. Re6 Nf6 51. Re2 e5 52. Nh3 Kg6 53. Ng5 Kf5 54. f3 Ra3 55. Nf7 Ra5 56. Nd6+ Ke6 57. Nc4 Rc5 58. Ne3 e4 59. g4 exf3+ 60. Kxf3 hxg4+ 61. Nxg4+ Kf5 62. Nxf6 1/2-1/2

[Event "Satka Autumn op (Women)"]
[Site "Satka"]
[Date "2012.09.27"]
[Round "7"]
[White "Karnaukhova, Elmira"]
[Black "Goryachkina, Aleksandra"]
[Result "1-0"]
[WhiteElo "2320"]
[BlackElo "2361"]
[PlyCount "189"]
[EventDate "2012.09.20"]
[EventType "swiss"]
[EventRounds "9"]
[EventCountry "RUS"]
[SourceTitle "CBM 150 Extra"]
[Source "ChessBase"]
[SourceDate "2012.10.19"]
[SourceVersion "1"]
[SourceVersionDate "2012.10.19"]
[SourceQuality "1"]

1. d4 d5 2. Nf3 Nf6 3. c4 e6 4. Nc3 Bb4 5. g3 c5 6. cxd5 exd5 7. Bg2 Ne4 8. Bd2 Nc6 9. 0-0 0-0 10. a3 Bxc3 11. Bxc3 Nxc3 12. bxc3 Qa5 13. Qb3 c4 14. Qc2 Ne7 15. e4 dxe4 16. Qxe4 Nd5 17. Ne5 Be6 18. Nxc4 Qc7 19. Ne3 Nxc3 20. Qd3 Na4 21. Rac1 Qa5 22. Bxb7 Rab8 23. Qa6 Qxa6 24. Bxa6 Rfd8 25. Rfd1 Nb6 26. Rc7 Nd5 27. Nxd5 Bxd5 28. Bf1 a5 29. Ra7 Bf3 30. Rc1 Rdc8 31. Rxc8+ Rxc8 32. Rxa5 Kf8 33. Rc5 Rd8 34. Rc4 Bd5 35. Rc1 Be4 36. Rc4 Bd5 37. Rb4 Rc8 38. Rb1 Ra8 39. Rb5 Bf3 40. Rb3 Bd5 41. Bg2 Rd8 42. Bxd5 Rxd5 43. Rb4 Ke7 44. Kg2 Rd7 45. Kf3 Rc7 46. Rb3 Ke6 47. h4 Rc1 48. Ke4 Re1+ 49. Re3 Ra1 50. Kf4+ Kd6 51. Ke4 Ra2 52. f3 g6 53. Rb3 Re2+ 54. Kf4 Rd2 55. Rb6+ Ke7 56. Rb4 Ke6 57. a4 Ra2 58. Rb6+ Ke7 59. Rb7+ Kf6 60. Rb4 Ke6 61. g4 h6 62. Ke4 Re2+ 63. Kd3 Rf2 64. Rb6+ Ke7 65. Ke3 Ra2 66. Rb4 Ke6 67. h5 g5 68. Rb6+ Kd5 69. Rb5+ Kd6 70. a5 Ra1 71. Rf5 Ke6 72. Kd3 Rc1 73. Re5+ Kd6 74. Rb5 Rf1 75. Ke4 Re1+ 76. Kf5 Re3 77. Rb6+ Ke7 78. Rxh6 Rxf3+ 79. Kxg5 Rd3 80. Rb6 Rxd4 81. Rb5 Kf8 82. Kf5 Kg7 83. g5 Rd1 84. h6+ Kg8 85. Kf6 Rd6+ 86. Ke7 Re6+ 87. Kd7 Re1 88. a6 Ra1 89. Rb6 Ra5 90. g6 fxg6 91. Rxg6+ Kh7 92. Rb6 Rf5 93. Rc6 Rf4 94. Kc7 Rf7+ 95. Kb8 1-0

[Event "Ufa Kopylov Memorial op-B 8th"]
[Site "Ufa "]
[Date "2011.12.15"]
[Round "1.51"]
[White "Karnaukhova, Elmira"]
[Black "Baemov, Ilnur"]
[Result "0-1"]
[WhiteElo "2329"]
[BlackElo "2213"]
[PlyCount "100"]
[EventDate "2011.12.15"]
[EventType "k.o."]
[EventRounds "7"]
[EventCountry "RUS"]
[SourceTitle "EXT 2014"]
[Source "ChessBase"]
[SourceDate "2013.11.20"]
[SourceVersion "1"]
[SourceVersionDate "2013.11.20"]
[SourceQuality "1"]

1. d4 Nf6 2. c4 d6 3. Nf3 Bg4 4. Nc3 Nbd7 5. e3 e5 6. Be2 c6 7. b3 Be7 8. 0-0 0-0 9. Bb2 a6 10. Qc2 Re8 11. Rfd1 Qc7 12. Rd2 Bf8 13. dxe5 dxe5 14. Rad1 e4 15. Ng5 Bf5 16. Ngxe4 Nxe4 17. Rxd7 Bxd7 18. Nxe4 h6 19. c5 Be6 20. Nd6 Red8 21. Be5 f6 22. Bf4 Bxd6 23. cxd6 Qf7 24. Bd3 a5 25. Bh7+ Kh8 26. Bg6 Qd7 27. e4 Rf8 28. Rd4 b6 29. e5 c5 30. Rd3 a4 31. Qb2 axb3 32. axb3 Bf5 33. Bxf5 Qxf5 34. Rf3 Qe4 35. h3 fxe5 36. Bxe5 Rxf3 37. gxf3 Qxf3 38. Bxg7+ Kh7 39. Qf6 Qxf6 40. Bxf6 Kg6 41. Bh4 Ra1+ 42. Kg2 Rd1 43. Be7 Kf7 44. Kf3 b5 45. Kg4 c4 46. bxc4 bxc4 47. Kh5 c3 48. Kxh6 c2 49. Bg5 Rxd6+ 50. Kh7 Rd5 0-1